Inward Remittances 2008 (Record no. 10709)

MARC details
000 -LEADER
fixed length control field 00355nam a22001337a 4500
005 - DATE AND TIME OF LATEST TRANSACTION
control field 20170822175146.0
008 - FIXED-LENGTH DATA ELEMENTS--GENERAL INFORMATION
fixed length control field 160531b xxu||||| |||| 00| 0 eng d
040 ## - CATALOGING SOURCE
Modifying agency BSU
082 ## - DEWEY DECIMAL CLASSIFICATION NUMBER
Edition number 22
Classification number R330.9UGA
245 ## - TITLE STATEMENT
Title Inward Remittances 2008
Remainder of title Uganda:Workers' Remittances Report
260 ## - PUBLICATION, DISTRIBUTION, ETC. (IMPRINT)
Place of publication, distribution, etc Kampala
Name of publisher, distributor, etc UBOS
Date of publication, distribution, etc 2009
300 ## - PHYSICAL DESCRIPTION
Extent ix,35p.
Dimensions 26 cm
942 ## - ADDED ENTRY ELEMENTS (KOHA)
Source of classification or shelving scheme Dewey Decimal Classification
Item type Periodicals
Holdings
Withdrawn status Lost status Source of classification or shelving scheme Damaged status Not for loan Collection code Home library Current library Shelving location Date acquired Source of acquisition Total Checkouts Full call number Barcode Date last seen Copy number Price effective from Koha item type
    Dewey Decimal Classification       Main Library Main Library Periodicals 31/05/2016 Donation   R330.9UGA R024 31/05/2016 1 31/05/2016 Periodicals
    Dewey Decimal Classification       Main Library Main Library Periodicals 31/05/2016 Donation   R330.9UGA R026 31/05/2016 2 31/05/2016 Periodicals
    Dewey Decimal Classification       Main Library Main Library Periodicals 31/05/2016 Donation   R330.9UGA R027 31/05/2016 3 31/05/2016 Periodicals
    Dewey Decimal Classification       Main Library Main Library Periodicals 31/05/2016 Donation   R330.9UGA R028 31/05/2016 4 31/05/2016 Periodicals
    Dewey Decimal Classification       Main Library Main Library Periodicals 31/05/2016 Donation   R330.9UGA R029 31/05/2016 5 31/05/2016 Periodicals
    Dewey Decimal Classification       Main Library Main Library Periodicals 31/05/2016 Donation   R330.9UGA R030 31/05/2016 6 31/05/2016 Periodicals
    Dewey Decimal Classification       Main Library Main Library Periodicals 31/05/2016 Donation   R330.9UGA R031 31/05/2016 7 31/05/2016 Periodicals
    Dewey Decimal Classification       Main Library Main Library Periodicals 31/05/2016 Donation   R330.9UGA R032 31/05/2016 8 31/05/2016 Periodicals
    Dewey Decimal Classification       Main Library Main Library Periodicals 31/05/2016 Donation   R330.9UGA R033 31/05/2016 9 31/05/2016 Periodicals
    Dewey Decimal Classification       Main Library Main Library Periodicals 31/05/2016 Donation   R330.9UGA R034 31/05/2016 10 31/05/2016 Periodicals

© 2017 Bishop Stuart University Library. All Rights Reserved.
Kakoba Campus, Plot 150 Buremba Road | P.O. Box 9, Mbarara, UGANDA | Tel: +256-772-463068
Email: library@bsu.ac.ug